000 004140000a22001690004500
003 MACL
005 20151231122503.0
008 151231b xxu||||| |||| 00| 0 eng d
040 _aMACL
_cMACL
041 _aEnglish
082 _a341/LAU
100 _aOppenheim, L.
_925517
245 _aInternational law
260 _bLongmans Green And co,
_c1955
_aBritain
650 _aLaw
_925518
942 _cBK
_k341/Opp
_2ddc
999 _c34649
_d34649